000 00872nam a22002651 4500
001 22639
003 BD-RjUL
005 20211209000830.0
008 140309s1927 enk b 000 0 eng
035 _a(BD-RjUL)22704
035 _a(OCoLC)372528
040 _aDLC
_cODaWU
_dOCoLC
_dDLC
_dBD-RjUL
_beng
041 1 _aeng
_hger
082 0 0 _a 833.83
_bSCE 1927
100 1 _aScheffel, Joseph Viktor von,
_d1826-1886.
_969884
245 1 0 _aEkkehard :
_ba tale of the 10th century /
_cby J. von Scheffel.
260 _aLondon :
_bJ.M. Dent & Sons, Ltd.;
_aNew York :
_bE.P. Dutton & Co.,
_c1927.
300 _axx, 391 p. ;
_c18 cm.
490 0 _aEveryman's library, Fiction.
_v[no. 529]
504 _aBibliography: p. xi.
600 1 0 _aHedwig,
_cHerzogin von Schwaben,
_dapproximately 938-994,
_969887
942 _2ddc
_cBK
999 _c22639
_d22639